SPD-Parteivorsitzende seit 1990 - Statistiken

Allgemein
  • Dieses Quiz wurde 158 mal gespielt
  • Das Durchschnittsergebnis liegt bei 9 aus 14
Antwortstatistiken
von bis Parteivorsitzende(r) % Korrekt
1999 2004 Gerhard Schröder
91%
2019 heute Saskia Esken
88%
2017 2018 Martin Schulz
82%
2009 2017 Sigmar Gabriel
82%
2018 2019 Andrea Nahles
81%
1995 1999 Oskar Lafontaine
74%
2019 heute Norbert Walter-Borjans
70%
2004 2005 Franz Müntefering
66%
2008 2009 Franz Müntefering
66%
1993 1995 Rudolf Scharping
66%
2006 2008 Kurt Beck
56%
1990 1991 Hans-Jochen Vogel
47%
2005 2006 Matthias Platzeck
43%
1991 1993 Björn Engholm
32%
Keine übereinstimmenden Quizze gefunden
Verteilung der Resultate
Anzahl Personen mit jedem Resultat
Perzentil nach korrekt beantworteten Fragen
Ihre Resultats-Entwicklung
Sie haben dieses Quiz noch nicht gespielt